000
00216nam a22000857a 4500
008
170127b xxu||||| |||| 00| 0 eng d
100
_9
2589
_a
Basu.S.
245
_a
General Knowledge-3
260
_a
New delhi
_b
Brittanica
_c
2011
999
_c
5723
_d
5723